Score 0/20 Timer 03:00
1 Play Today
Mixed Word Bible Book % Correct
HNOJJohn
97.7%
EUKLLuke
97.4%
DEUJJude
96.4%
HTURRuth
96.1%
LEJOJoel
93.8%
EDANILDaniel
87.6%
EPORVRBSProverbs
85.7%
EONDTYUOMREDeuteronomy
64%
IILAHPNIPPSPhilippians
63.7%
NGSIESEGenesis
63.7%
Mixed Word Bible Book % Correct
ORSMANRomans
58.1%
HEAOSHosea
52.5%
SACSILSEEETCEcclesiastes
45.3%
GIGAAHHaggai
43.5%
LGIATSAANGalatians
41%
AHENMEIHNehemiah
40.2%
ALHIMCAMalachi
37.5%
CAARIHZHEZechariah
37.5%
SCSALONSOIColossians
36.7%
ITOTAMSENLNALamentations
30.1%
Remove Ads.
Support Sporcle.
Get the best of Sporcle when you Go Orange. This ad-free experience offers more features, more stats, and more fun while also helping to support Sporcle. Thank you for becoming a member.

You're not logged in!

Compare scores with friends on all Sporcle quizzes.
OR
Log In

Show Comments

Extras

Top Quizzes Today


Score Distribution

Your Account Isn't Verified!

In order to create a playlist on Sporcle, you need to verify the email address you used during registration. Go to your Sporcle Settings to finish the process.

Report this User

Report this user for behavior that violates our Community Guidelines.

Details: